[Event "BCF-chT3N 1617 (4NCL)"]
[Site "England"]
[Date "2017.03.18"]
[Round "7.53"]
[White "Bramson, Mike"]
[Black "Jarmany, David"]
[Result "0-1"]
[WhiteElo "1883"]
[BlackElo "2072"]
[PlyCount "96"]
[EventDate "2016.11.26"]
[EventType "team-swiss"]
[EventRounds "11"]
[EventCountry "ENG"]
[SourceTitle "EXT 2019"]
[Source "ChessBase"]
[SourceDate "2018.10.10"]
[SourceVersion "1"]
[SourceVersionDate "2018.10.10"]
[SourceQuality "1"]
[WhiteTeam "Bradford DCA Knights II"]
[BlackTeam "Manchester Manticores II"]
[WhiteTeamCountry "ENG"]
[BlackTeamCountry "ENG"]

1. e4 c5 2. Nf3 Nc6 3. Nc3 g6 4. Bc4 Bg7 5. d3 e6 6. 0-0 Nge7 7. Re1 0-0 8. Bg5 a6 9. a4 Qc7 10. Qd2 Re8 11. Bh6 Nd4 12. Nxd4 cxd4 13. Ne2 e5 14. Ng3 d6 15. Bxg7 Kxg7 16. Qg5 Ng8 17. f4 h6 18. Qh4 Be6 19. Bxe6 Rxe6 20. f5 Ree8 21. Rf1 Qe7 22. Qg4 Nf6 23. Qe2 Rec8 24. Rf2 Rc7 25. Raf1 g5 26. Nh5+ Kh7 27. Nxf6+ Qxf6 28. g4 Rac8 29. Rg2 Qe7 30. h4 Rxc2 31. Qxc2 Rxc2 32. Rxc2 gxh4 33. f6 Qd7 34. Rg2 Kg6 35. Rh2 Qxa4 36. Rxh4 Qc2 37. Rh3 Qxb2 38. Rf2 Qc1+ 39. Kg2 a5 40. Rh1 Qc3 41. Rf3 a4 42. Kg3 a3 43. Kh4 a2 44. Rff1 Qxd3 45. Re1 b5 46. g5 hxg5+ 47. Kg4 Qd2 48. Ref1 Qg2# 0-1